[Event "Cairo Al Ain op"]
[Site "Cairo"]
[Date "2023.11.30"]
[Round "7"]
[White "Shereif Fouad, Mina"]
[Black "Moustafa, Haysam"]
[Result "1-0"]
[WhiteElo "1306"]
[BlackElo "1725"]
[PlyCount "51"]
[EventDate "2023.11.27"]
[EventType "swiss"]
[EventRounds "10"]
[EventCountry "EGY"]
[SourceTitle "CB49_2023"]
[SourceDate "2023.12.06"]
[SourceVersion "1"]
[SourceVersionDate "2023.12.06"]
[SourceQuality "1"]

1. e4 g5 2. d4 g4 3. Be2 d5 4. e5 c5 5. c3 cxd4 6. cxd4 Nc6 7. Bxg4 Bxg4 8. Qxg4 Qb6 9. Nc3 Nxd4 10. Qd1 Bg7 11. Nf3 Nxf3+ 12. Qxf3 e6 13. Qg3 Kf8 14. 0-0 Ne7 15. Re1 Nf5 16. Qd3 h5 17. Nxd5 Qc5 18. Nf6 Qe7 19. Bg5 Qc7 20. Rac1 Qa5 21. Red1 Bh6 22. Bxh6+ Rxh6 23. b4 Qxb4 24. Qd8+ Rxd8 25. Rxd8+ Ke7 26. Re8# 1-0

[Event "Cairo Egyptian op"]
[Site "Cairo"]
[Date "2016.04.24"]
[Round "3"]
[White "Kamel, Nabil"]
[Black "Moustafa, Haysam"]
[Result "1-0"]
[WhiteElo "2085"]
[BlackElo "1840"]
[PlyCount "49"]
[EventDate "2016.04.22"]
[EventType "swiss"]
[EventRounds "9"]
[EventCountry "EGY"]
[SourceTitle "CBM 172 Extra"]
[Source "ChessBase"]
[SourceDate "2016.06.21"]
[SourceVersion "1"]
[SourceVersionDate "2016.06.21"]
[SourceQuality "1"]

1. e4 g5 2. d4 g4 3. c4 Nc6 4. Nc3 d6 5. f4 e5 6. d5 Nd4 7. Be3 Bg7 8. fxe5 dxe5 9. Nge2 c5 10. dxc6 bxc6 11. Ng3 h5 12. Qa4 Bd7 13. Nf5 Nxf5 14. exf5 Ne7 15. Bd3 Rc8 16. 0-0 Bh6 17. Bc5 Bf4 18. g3 Nxf5 19. Bxf5 Bxf5 20. Rad1 Qc7 21. gxf4 exf4 22. Rfe1+ Be6 23. Ne4 Rh6 24. Nd6+ Qxd6 25. Bxd6 1-0